Score 0/25 Timer 06:00
0 Plays Today
% Correct
Galumphing
73.3%
Slithy
72.8%
Chortle
72.1%
Frumious
70.3%
Burbled
69.3%
Frabjous
69.1%
Manxome
67%
Gyre
63%
Mimsy
62.8%
Jabberwock
62.3%
Gimble
61.1%
Bandersnatch
56.2%
Uffish
52.7%
% Correct
Beamish
52%
Mome
51.1%
Brillig
49.4%
Snicker-snack
43.3%
Jubjub Bird
36.1%
Whiffling
25.3%
Wabe
23.7%
Borogove
15%
Rath
13.6%
Tove
9.6%
Outgrabe
8%
Tum-tum (Tree)
8%
Remove Ads.
Support Sporcle.
Get the best of Sporcle when you Go Orange. This ad-free experience offers more features, more stats, and more fun while also helping to support Sporcle. Thank you for becoming a member.

You're not logged in!

Compare scores with friends on all Sporcle quizzes.
OR
Log In

Sporcle TV

Today on Sporcle TV


Watch our educational content, quiz creation guides, and fun videos on Sporcle TV.

Show Comments

Extras

Top Quizzes Today


Score Distribution

Paid Content

Your Account Isn't Verified!

In order to create a playlist on Sporcle, you need to verify the email address you used during registration. Go to your Sporcle Settings to finish the process.

Report this User

Report this user for behavior that violates our Community Guidelines.

Details: